Management concepts / (Record no. 40929)

MARC details
000 -LEADER
fixed length control field 00650nam a22001937a 4500
005 - DATE AND TIME OF LATEST TRANSACTION
control field 20100811122715.0
010 ## - LCCN (DPL NO)
LC control number ENG-99611
020 ## - INTERNATIONAL STANDARD BOOK NUMBER
International Standard Book Number 9789380243351
Terms of availability 145.00
035 ## - SYSTEM CONTROL NUMBER
System control number EN-83143
037 ## - SOURCE OF ACQUISITION
Source of stock number/acquisition DBAD/PUB
082 ## - DEWEY DECIMAL CLASSIFICATION NUMBER
Classification number 658
100 ## - MAIN ENTRY--PERSONAL NAME
Personal name Marimuthu, M.
245 ## - TITLE STATEMENT
Title Management concepts /
Statement of responsibility, etc by M. Marimuthu
260 ## - PUBLICATION, DISTRIBUTION, ETC. (IMPRINT)
Place of publication, distribution, etc Trichy
Name of publisher, distributor, etc Raja Publications
Date of publication, distribution, etc 2009
270 ## - ADDRESS
Address 4/1, S. S. H Shelter Hazarath Abdul Salam Street Khaja Nagar
City Trichy
Postal code 620020
300 ## - PHYSICAL DESCRIPTION
Extent 260p.
Dimensions 20cm (pbk)
942 ## - ADDED ENTRY ELEMENTS (KOHA)
Source of classification or shelving scheme Dewey Decimal Classification
Item type English Books
Classification part 658
Call number suffix MAR
Holdings
Withdrawn status Lost status Not for loan Collection code Home library Current library Date acquired Source of acquisition Cost, normal purchase price Full call number Barcode Copy number Cost, replacement price Koha item type
    Not For Loan Non-fiction D.B.Act.Division D.B.Act.Division 11/08/2010 DBAD/PUB 145.00 658 MAR EN-83143 1 145.00 English Books

© Delhi Public Library
Hit Counter
free hit counter